| 000 | 00668nam a2200229Ia 4500 | ||
|---|---|---|---|
| 003 | OSt | ||
| 005 | 20221007062705.0 | ||
| 006 | a|||||r|||| 00| 0 | ||
| 007 | ta | ||
| 008 | 221006b |||||||| |||| 00| 0 eng d | ||
| 024 | _a13,596 | ||
| 037 | _cTextual | ||
| 040 |
_aFLL _cFLL _beng |
||
| 041 |
_2eng _aeng |
||
| 082 | _aV8:23:9Z, E9 | ||
| 100 |
_aQuick John Au. _9683216 |
||
| 245 | 0 | _aLegislative powers of the commonwealth and the states of Australia | |
| 260 |
_aAustralia _bThe Law Book Company of Austrlasia, Ltd. Australia _c1919 |
||
| 300 |
_a994p _ccm. |
||
| 942 |
_hV8:23:9Z, E9 _cTEXL _2CC |
||
| 999 |
_c1129295 _d1129295 |
||